Firehouse dog / (Record no. 8299)

MARC details
000 -LEADER
fixed length control field 00977nam a22003017a 4500
001 - CONTROL NUMBER
control field 8299
003 - CONTROL NUMBER IDENTIFIER
control field FISKH
005 - DATE AND TIME OF LATEST TRANSACTION
control field 20250908152340.0
008 - FIXED-LENGTH DATA ELEMENTS--GENERAL INFORMATION
fixed length control field 250908b cb ||||| |||| 00| 0 eng d
020 ## - INTERNATIONAL STANDARD BOOK NUMBER
International Standard Book Number 078073003501
040 ## - CATALOGING SOURCE
Original cataloging agency FISKH
Language of cataloging eng
Transcribing agency FISKH
Modifying agency FISKH
050 ## - LIBRARY OF CONGRESS CALL NUMBER
Classification number TH9148 .H87
082 ## - DEWEY DECIMAL CLASSIFICATION NUMBER
Classification number 628.925
100 ## - MAIN ENTRY--PERSONAL NAME
Personal name Hutchings, Amy
245 ## - TITLE STATEMENT
Title Firehouse dog /
Statement of responsibility, etc. by Amy and Richard Hutchings : Photographs by Richard Hutchings
250 ## - EDITION STATEMENT
Edition statement First Scholastic printing, September 1993
260 ## - PUBLICATION, DISTRIBUTION, ETC.
Place of publication, distribution, etc. New York :
Name of publisher, distributor, etc. Scholastic,
Date of publication, distribution, etc. 1993.
300 ## - PHYSICAL DESCRIPTION
Extent 32 pages :
Other physical details color illustrations ;
Dimensions 21 cm .
505 ## - FORMATTED CONTENTS NOTE
Formatted contents note G <br/>
520 ## - SUMMARY, ETC.
Summary, etc. "Follow the exciting photographs in the this book and spend a day with a Firehouse Dog!"
521 8# - TARGET AUDIENCE NOTE
Target audience note 420 <br/>
Source Lexile <br/>
521 8# - TARGET AUDIENCE NOTE
Target audience note G <br/>
Source Raz-Plus <br/>
650 ## - SUBJECT ADDED ENTRY--TOPICAL TERM
Topical term or geographic name entry element Community helpers
Form subdivision Non-fiction
650 ## - SUBJECT ADDED ENTRY--TOPICAL TERM
Topical term or geographic name entry element First responders
Form subdivision Non-fiction
700 ## - ADDED ENTRY--PERSONAL NAME
Personal name Hutchings, Richard
Relator term Illustrator
942 ## - ADDED ENTRY ELEMENTS (KOHA)
Source of classification or shelving scheme Dewey Decimal Classification
Koha item type Books
Suppress in OPAC No
Holdings
Withdrawn status Lost status Source of classification or shelving scheme Damaged status Not for loan Collection Home library Current library Shelving location Date acquired Total Checkouts Full call number Barcode Date last seen Price effective from Koha item type Copy number
    Dewey Decimal Classification     Non-Fiction Footprints International School Library Network Toul Tom Poung Campus Footprints International School Library Network Toul Tom Poung Campus TTP Primary Dark Blue Bookshelves 09/08/2025   HUT 628.925 TH9148 .H87 FISBK05832 09/08/2025 09/08/2025 Books  
    Dewey Decimal Classification     Non-Fiction Footprints International School Library Network Toul Tom Poung Campus Footprints International School Library Network Toul Tom Poung Campus TTP Primary Dark Blue Bookshelves 11/11/2025   HUT 628.925 TH9148 .H87 FIS01507 11/11/2025 11/11/2025 Books 2